Alicia Keys Discography - Statistics

General Stats
  • This quiz has been taken 33 times
    20 since last reset
  • The average score is 14 of 25
Answer Stats
Year Name Type % Correct
2006 Songs in A Minor / The Diary of Alicia Keys Box Set
94%
2015 The Element of Freedom / Girl on Fire Box Set
94%
2001 Songs in A Minor Album
88%
2010 Unplugged / As I Am Box Set
82%
2007 As I Am Album
76%
2013 As I Am / The Element of Freedom Box Set
76%
2005 Coffret 2 CD: Unplugged / The Diary of Alicia Keys Box Set
76%
2012 Girl on Fire Album
76%
2013 Girl on Fire: Australian Tour Edition Reissued Album
76%
2020 ALICIA Album
71%
2003 The Diary of Alicia Keys Album
71%
2009 The Element of Freedom Album
71%
2016 HERE Album
59%
2021 Keys Album
47%
2005 Unplugged Live Album
41%
2013 VH1 Storytellers Live Album
41%
2008 Remixed Remix Album
35%
2021 Sweet Dreams EP
35%
2011 The Collection Box Set
35%
2010 The Platinum Collection Box Set
35%
2017 Vault Playlist, Vol. 1 EP
35%
2008 As I Am: The Super Edition Reissued Album
29%
2002 Remixed & Unplugged in A Minor Reissued Album
29%
2011 Songs in A Minor - 10th Anniversary Edition Reissued Album
29%
2021 Songs in A Minor - 20th Anniversary Edition Reissued Album
29%
No matching quizzes found
Score Distribution
Percent of People with Each Score
Percentile by Number Answered
Your Score History
You have not taken this quiz since the last reset